All Incorporated Municipalities of Erie County, New York - Statistics

General Stats
  • This quiz has been taken 21 times
  • The average score is 25 of 44
Answer Stats
Answer % Correct
Amherst
100%
Buffalo
100%
Cheektowaga
86%
Lackawanna
86%
Orchard Park
86%
Orchard Park
86%
Clarence
79%
Tonawanda
79%
Tonawanda
79%
Aurora
71%
Hamburg
71%
Hamburg
71%
Depew
64%
East Aurora
64%
Lancaster
64%
Lancaster
64%
Eden
57%
Kenmore
57%
West Seneca
57%
Alden
50%
Alden
50%
Angola
50%
Blasdell
50%
Elma
50%
Grand Island
50%
Springville
50%
Akron
43%
Boston
43%
Colden
43%
Holland
43%
Marilla
43%
Sardinia
43%
Sloan
43%
Williamsville
43%
Collins
36%
Concord
36%
Evans
36%
Gowanda
36%
Newstead
36%
North Collins
36%
North Collins
36%
Wales
36%
Brant
29%
Farnham
21%
No matching quizzes found
Score Distribution
Percent of People with Each Score
Percentile by Number Answered
Your Score History
You have not taken this quiz